|
|
|
|
| LEADER |
01564nam a2200421 a 4500 |
| 001 |
nkc20051579770 |
| 003 |
CZ PrNK |
| 005 |
20051227170417.0 |
| 007 |
ta |
| 008 |
050826s2005 xr a f 001 0 cze |
| 015 |
|
|
|a cnb001579770
|
| 020 |
|
|
|a 80-210-3750-4
|q (brož.)
|
| 035 |
|
|
|a (OCoLC)85161486
|
| 040 |
|
|
|a OLA001
|b cze
|d ABA001
|
| 072 |
|
7 |
|a 574
|x Obecná ekologie
|2 Konspekt
|9 2
|
| 080 |
|
|
|a 502:37.03
|2 MRF
|
| 080 |
|
|
|a 377.8
|2 MRF
|
| 080 |
|
|
|a (048.8)
|2 MRF
|
| 100 |
1 |
|
|a Horká, Hana,
|d 1949-
|7 mzk2005295002
|4 aut
|
| 245 |
1 |
0 |
|a Ekologická dimenze výchovy a vzdělávání ve škole 21. století /
|c Hana Horká
|
| 250 |
|
|
|a 1. vyd.
|
| 260 |
|
|
|a Brno :
|b Katedra pedagogiky Pedagogické fakulty MU,
|c 2005
|
| 300 |
|
|
|a 158 s. :
|b il. ;
|c 21 cm
|
| 500 |
|
|
|a 300 výt.
|
| 504 |
|
|
|a Obsahuje bibliografii, bibliografické odkazy a rejstřík
|
| 650 |
0 |
7 |
|a environmentální výchova a vzdělávání
|7 ph119964
|2 czenas
|
| 650 |
0 |
7 |
|a vzdělávání učitelů
|7 ph158324
|2 czenas
|
| 650 |
0 |
9 |
|a environmental education
|2 eczenas
|
| 650 |
0 |
9 |
|a teacher education
|2 eczenas
|
| 655 |
|
7 |
|a monografie
|7 fd132842
|2 czenas
|
| 655 |
|
9 |
|a monographs
|2 eczenas
|
| 910 |
2 |
|
|a BOA001
|b 2-1160.214
|
| 928 |
9 |
|
|a Masarykova univerzita, Pedagogická fakulta, Katedra pedagogiky
|
| 990 |
|
|
|a BK
|
| 995 |
|
|
|a 01
|
| 991 |
|
|
|b 200511
|c NOV
|
| 996 |
6 |
|
|b 2610263170
|c 2-1160.214
|l MZK
|r Sklad / do 1 hodiny
|n 18
|p p.v.
|w 000796161
|u 000010
|a 1
|e BOA001
|j MZK50
|s P
|
| 996 |
7 |
|
|b 2610263171
|c 2-1160.214
|l Vol.výběr
|r VV 0p
|n 71
|p p.v.
|h 574 HOR
|w 000796161
|u 000020
|a 0
|e BOA001
|j MZK50
|s A
|